I Jornadas sobre ecología y política ambiental de Izquierda Unida (Record no. 197255)

MARC details
000 -LEADER
campo de control de longitud fija 03413nim a2200565 i 4500
001 - NÚMERO DE CONTROL
campo de control 197255
003 - IDENTIFICADOR DE NÚMERO DE CONTROL
campo de control ES-MaACL
005 - FECHA Y HORA DE LA ÚLTIMA TRANSACCIÓN
campo de control 20250928133639.0
007 - CAMPO FIJO DE DESCRIPCIÓN FÍSICA--INFORMACIÓN GENERAL
campo de control de longitud fija ss zsnzzbimuez
008 - DATOS DE LONGITUD FIJA--INFORMACIÓN GENERAL
campo de control de longitud fija 250430s1990 sp n || c spa
035 ## - NÚMERO DE CONTROL DEL SISTEMA
Número de control de sistema (SpMaBN)a3300835
035 ## - NÚMERO DE CONTROL DEL SISTEMA
Número de control de sistema (OCoLC)431050857
040 ## - FUENTE DE CATALOGACIÓN
Centro catalogador/agencia de origen SpMaBN
Lengua de catalogación spa
Centro/agencia transcriptor SpMaBN
Normas de descripción rdc
245 00 - MENCIÓN DEL TÍTULO
Título I Jornadas sobre ecología y política ambiental de Izquierda Unida
Medio [Grabación sonora]
260 ## - PUBLICACIÓN, DISTRIBUCIÓN, ETC.
Lugar de publicación, distribución, etc. Madrid :
Nombre del editor, distribuidor, etc. Ateneo de Madrid,
Fecha de publicación, distribución, etc. 1990
300 ## - DESCRIPCIÓN FÍSICA
Extensión 4 casetes (ca. 360 min) :
Otras características físicas son. ;
Dimensiones 11 cm. +
Material acompañante/anejo 1 programa de mano
490 1# - MENCIÓN DE SERIE
Materiales especificados Actos culturales en el Ateneo de Madrid.
505 ## - NOTA DE CONTENIDO CON FORMATO
Nota de contenido con formato Cintas 1-4. Día 12. Presentación de las jornadas, conferencia: economía y ecología / interviene: Artemio Precioso, presidente de la fundación GONDWANA. Conferencia: ecología y sociedad / interviene: Jorge Riechman, profesor de sociología de la Universidad de Barcelona y redactor de las revistas "mientras tanto" y "en pie de paz". Conferencia: energía / interviene: Ladislao Martínez, asociación ecologista para la defensa de la naturaleza; Conferencia: administración y legislación / interviene: Cristina Álvarez, abogada. – Cintas 5-7. Día 13. Conferencia: desertización / interviene: Santiago Martín Barajas, de la coordinadora para la defensa ambiental; Conferencia: contaminación / interviene: Juan López de Uralde, Greenpace-España. Conferencia: conservación y recuperación / interviene: Carlos Valdecillo, asociación para la defensa de la naturaleza. Conferencia: cooperación / interviene: Ignacio Santos, federación española de amigos de la tierra. Clausura / interviene: Alonso Puerta, eurodiputado de IU y miembro de la comisión de medio ambiente, salud pública y protección al consumidor del parlamento europeo.
518 ## - NOTA DE FECHA/HORA Y LUGAR DE UN ACONTECIMIENTO
Nota de fecha/hora y lugar de un acontecimiento Grabado los días 12 y 13 de octubre de 1990 en el Ateneo de Madrid
520 ## - RESUMEN, ETC.
Sumario, etc. Jornadas con el objetivo de establecer un diagnóstico de la situación ambiental en España
540 ## - NOTA DE CONDICIONES DE USO Y REPRODUCCIÓN
Condiciones de uso y reproducción Documento inédito.
594 ## - Nota al título y mención de responsabilidad
a Datos basados en el programa de las jornadas.
610 20 - PUNTO DE ACCESO ADICIONAL DE MATERIA--NOMBRE DE ENTIDAD CORPORATIVA
Nombre de entidad corporativa o nombre de jurisdicción como elemento de entrada Ateneo de Madrid-
Subdivisión general Actos culturales-
Subdivisión cronológica 1990-
Subdivisión de forma Grabaciones sonoras
9 (RLIN) 240083
650 #4 - PUNTO DE ACCESO ADICIONAL DE MATERIA--TÉRMINO DE MATERIA
Término de materia o nombre geográfico como elemento de entrada Política ambiental
9 (RLIN) 16286
650 #4 - PUNTO DE ACCESO ADICIONAL DE MATERIA--TÉRMINO DE MATERIA
Término de materia o nombre geográfico como elemento de entrada Ecología
9 (RLIN) 11995
653 ## - TÉRMINO DE INDIZACIÓN--NO CONTROLADO
Término no controlado Archivo de la palabra
655 #0 - TERMINO DE INDIZACIÓN--GENERO/FORMA
Datos o término principal de género/forma Conferencias
9 (RLIN) 234444
700 1# - ENTRADA AGREGADA--NOMBRE PERSONAL
Nombre de persona Precioso Ugarte, Artemio,
Fechas asociadas al nombre 1917-2007
Término indicativo de función/relación Orador
9 (RLIN) 240432
700 0# - ENTRADA AGREGADA--NOMBRE PERSONAL
9 (RLIN) 97073
Nombre de persona Riechmann, Jorge
Término indicativo de función/relación Orador
700 0# - ENTRADA AGREGADA--NOMBRE PERSONAL
9 (RLIN) 77781
Nombre de persona Martínez, Ladislao
Término indicativo de función/relación Orador
700 ## - ENTRADA AGREGADA--NOMBRE PERSONAL
Nombre de persona Álvarez Puerto, Cristina,
Fechas asociadas al nombre 1966-
Término indicativo de función/relación Orador
9 (RLIN) 239261
700 1# - ENTRADA AGREGADA--NOMBRE PERSONAL
9 (RLIN) 240433
Nombre de persona Martín Barajas, Santiago
Término indicativo de función/relación Orador
700 1# - ENTRADA AGREGADA--NOMBRE PERSONAL
9 (RLIN) 240434
Nombre de persona López de Uralde, Juan
Término indicativo de función/relación Orador
Fechas asociadas al nombre 1963-
700 1# - ENTRADA AGREGADA--NOMBRE PERSONAL
9 (RLIN) 240435
Nombre de persona González Vallecillo, Carlos
Término indicativo de función/relación Orador
700 1# - ENTRADA AGREGADA--NOMBRE PERSONAL
9 (RLIN) 240436
Nombre de persona Santos Molina, Ignacio
Término indicativo de función/relación Orador
700 1# - ENTRADA AGREGADA--NOMBRE PERSONAL
9 (RLIN) 94171
Nombre de persona Puerta, Alonso
Término indicativo de función/relación Orador
710 2# - ENTRADA AGREGADA--NOMBRE DE ENTIDAD CORPORATIVA
Nombre de entidad corporativa o nombre de jurisdicción como elemento de entrada Ateneo de Madrid
9 (RLIN) 1875
Término indicativo de función/relación Sede
710 0# - ENTRADA AGREGADA--NOMBRE DE ENTIDAD CORPORATIVA
Nombre de entidad corporativa o nombre de jurisdicción como elemento de entrada Izquierda Unida (España)
9 (RLIN) 5325
Término indicativo de función/relación Colaborador
830 #0 - PUNTO DE ACCESO ADICIONAL DE SERIE-TÍTULO UNIFORME
Título uniforme Actos culturales en el Ateneo de Madrid
9 (RLIN) 240237
852 ## - LOCALIZACIÓN
Ubicación ES-MaACL
Ubicación en estantería Depósito Z
Designación de la unidad física Cinta 1
itemnumber 205481
852 ## - LOCALIZACIÓN
Ubicación ES-MaACL
Ubicación en estantería Depósito Z
Designación de la unidad física Cinta 2
itemnumber 205482
852 ## - LOCALIZACIÓN
Ubicación ES-MaACL
Ubicación en estantería Depósito Z
Designación de la unidad física Cinta 3
itemnumber 205483
852 ## - LOCALIZACIÓN
Ubicación ES-MaACL
Ubicación en estantería Depósito Z
Designación de la unidad física Cinta 4
itemnumber 205484
852 ## - LOCALIZACIÓN
Ubicación ES-MaACL
Ubicación en estantería Depósito Z
Designación de la unidad física Cinta 5
itemnumber 205493
852 ## - LOCALIZACIÓN
Ubicación ES-MaACL
Ubicación en estantería Depósito Z
Designación de la unidad física Cinta 6
itemnumber 205494
852 ## - LOCALIZACIÓN
Ubicación ES-MaACL
Ubicación en estantería Depósito Z
Designación de la unidad física Cinta 7
itemnumber 205495
942 ## - ELEMENTOS DE ENTRADA SECUNDARIOS (KOHA)
Fuente del sistema de clasificación o colocación Clasificación decimal universal
Tipo de ítem Koha Casete
Suprimir en OPAC No
Holdings
Estatus retirado Estado de pérdida Fuente del sistema de clasificación o colocación Especificación de materiales (volumen encuadernado u otra parte) Estado de daño No para préstamo Colección Biblioteca de origen Biblioteca actual Ubicación en estantería Fecha de adquisición Total de préstamos Signatura topográfica completa Código de barras Visto por última vez Precio de reemplazo Tipo de ítem Koha
    Clasificación decimal universal Cinta 1     Archivo de la palabra Biblioteca del Ateneo de Madrid Biblioteca del Ateneo de Madrid Depósito Z 13/05/2025   AP/1107 2025-0250 13/05/2025 13/05/2025 Casete
    Clasificación decimal universal Cinta 2     Archivo de la palabra Biblioteca del Ateneo de Madrid Biblioteca del Ateneo de Madrid Depósito Z 13/05/2025   AP/1108 2025-0251 13/05/2025 13/05/2025 Casete
    Clasificación decimal universal Cinta 3     Archivo de la palabra Biblioteca del Ateneo de Madrid Biblioteca del Ateneo de Madrid Depósito Z 13/05/2025   AP/1109 2025-0252 13/05/2025 13/05/2025 Casete
    Clasificación decimal universal Cinta 4     Archivo de la palabra Biblioteca del Ateneo de Madrid Biblioteca del Ateneo de Madrid Depósito Z 13/05/2025   AP/1110 2025-0253 13/05/2025 13/05/2025 Casete
    Clasificación decimal universal Cinta 5     Archivo de la palabra Biblioteca del Ateneo de Madrid Biblioteca del Ateneo de Madrid Depósito Z 13/05/2025   AP/1111 2025-0258 13/05/2025 13/05/2025 Casete
    Clasificación decimal universal Cinta 6     Archivo de la palabra Biblioteca del Ateneo de Madrid Biblioteca del Ateneo de Madrid Depósito Z 13/05/2025   AP/1112 2025-0259 13/05/2025 13/05/2025 Casete
    Clasificación decimal universal Cinta 7     Archivo de la palabra Biblioteca del Ateneo de Madrid Biblioteca del Ateneo de Madrid Depósito Z 13/05/2025   AP/1113 2025-0260 13/05/2025 13/05/2025 Casete